00842nam 22002293 4500001000700000010002200007021001800029090001100047100004100058200007900099205002900178210005300207215003500260225002900295606011000324675001600434700005100450801001800501830001000519990001100529995007200540202819 a978-972-31-1554-3 aPTb390112/15 a202819 a20260701d u||y0pory50 ba aGestão estratégica de cidades e regiõesf António Fonseca Ferreira a3ª revista e atualizada a[Lisboa]cFundação Calouste Gulbenkiand2015 a375 p.cil. ; brochadod25 cm  aManuais universitários 95251aPlaneamento Territorial, fisico. Planeamento regional, urbano, e rural. Paisagens, Parques, jardins a71vPTzpor 917674aFerreirabAntónio Fonseca f1943-2019 aPTbBMMNgRPC cVanda cLIVROS 002052026-07-01932628bBMMNf32339k71 FER|DEPo0rLIVROSsOferta